Gestión de la calidad de los procesos turísticos (Registro nro. 5669)
[ vista simple ]
| 000 -CABECERA | |
|---|---|
| campo de control de longitud fija | 01230ata a2200397 4500 |
| 005 - FECHA Y HORA DE ACTUALIZACIÓN | |
| campo de control | 20160922173048.0 |
| 008 - LONGITUD FIJA | |
| campo de control de longitud fija | 150519b xxu||||| |||| 00| 0 spa d |
| 041 ## - IDIOMA | |
| Código de idioma del texto/pista de sonido o título separado | |
| 082 ## - CLASIFICACIÓN DECIMAL DEWEY | |
| Número de clasificación | 2.21 A422g |
| 100 ## - AUTOR PERSONAL | |
| Nombre de persona | Almeida, Mar Asonso |
| 100 ## - AUTOR PERSONAL | |
| Nombre de persona | Barcos Redin, Lucia |
| 100 ## - AUTOR PERSONAL | |
| Nombre de persona | Martín Castilla, Juan Ignacio |
| 245 ## - TÍTULO PROPIAMENTE DICHO | |
| Título | Gestión de la calidad de los procesos turísticos |
| 260 ## - PIE DE IMPRENTA | |
| Lugar de publicación, distribución, etc. | España |
| Nombre del editor, distribuidor, etc. | Síntesis |
| Fecha de publicación, distribución, etc. | 2006 |
| 300 ## - DESCRIPCIÓN FÍSICA | |
| Extensión | 334 páginas |
| 650 ## - Materia General | |
| Materia general | CALIDAD TOTAL |
| 650 ## - Materia General | |
| Materia general | TEORIAS DE LA CALIDAD |
| 650 ## - Materia General | |
| Materia general | GESTIÓN DE CALIDAD |
| 650 ## - Materia General | |
| Materia general | TURISMO |
| 650 ## - Materia General | |
| Materia general | COSTOS DE CALIDAD |
| 650 ## - Materia General | |
| Materia general | DIAGNÓSTICO |
| 650 ## - Materia General | |
| Materia general | PLANIFICACIÓN DE LA CALIDAD |
| 650 ## - Materia General | |
| Materia general | CONTROL DE CALIDAD |
| 650 ## - Materia General | |
| Materia general | MODELOS DE EXCELENCIA |
| 650 ## - Materia General | |
| Materia general | CALIDAD TURÍSTICA |
| 650 ## - Materia General | |
| Materia general | SERVICIO TURÍSTICO |
| 650 ## - Materia General | |
| Materia general | SATISFACCIÓN DEL CLIENTE |
| 650 ## - Materia General | |
| Materia general | CLIENTES |
| 650 ## - Materia General | |
| Materia general | DIAGRAMAS |
| 650 ## - Materia General | |
| Materia general | HISTOGRAMAS |
| 650 ## - Materia General | |
| Materia general | SISTEMAS DE CALIDAD |
| 650 ## - Materia General | |
| Materia general | ISO 9000:2000 |
| 650 ## - Materia General | |
| Materia general | ISO 9004:2000 |
| 650 ## - Materia General | |
| Materia general | AUDITORÍA DE CALIDAD |
| 942 ## - Punto de Acceso Adicional Koha | |
| Tipo de ítem Koha | Libro |
| Estado perdido | Estado dañado | No para préstamo | Biblioteca permanente | Biblioteca actual | Signatura completa | Código de barras | Precio efectivo a partir del | Tipo de ítem |
|---|---|---|---|---|---|---|---|---|
| Departamento de Biblioteca y Documentación Alfonso Chase Brenes | Departamento de Biblioteca y Documentación Alfonso Chase Brenes | 2.21 A422g | 14703 | 22/09/2016 | Libro |